000
00291nam a2200145Ia 4500
100
_a
Morrison donald F.
942
_c
BK
654
_a
cv
245
_a
CVs in a week
260
_b
Hodder & Stoughton
_c
1996
082
_a
658.3128
_b
MOR
300
_a
88
546
_a
ENGLISH
999
_c
18851
_d
18851